00703nam a22002297a 450000500170000001000280001702000260004503500130007103500170008403500130010103700200011403700130013408200120014724500720015925000110023126000390024227000380028130000250031950000650034465000440040970000200045320170517143056.0 a1516EN07 ENG-114797 a9781137483638c599.00 aEN-98329 aB-600372-390 aB-669785 bPragatiVenadpl bDBAD/PUB a327.101 aTheories of international relations /cby Scott Burchill... [et al] a5th ed aNew YorkbPalgrave Macmillanc2015 a175 fifth AvenuebNew Yorke10010 aix,388p. c23cm(pbk) a Includes bibliographical references (p. 319-357) and index. a International relations x Philosophy. aBurchill, Scott